| 000 | 00978nam0a22002411 4500 | ||
|---|---|---|---|
| 001 | rc\2745721 | ||
| 005 | 20260408005122.0 | ||
| 035 | _a(NLR Aleph) 006872789 | ||
| 090 |
_a6965456 _c6965456 |
||
| 100 | _a20110915d1939 |||y0rusy50 ca | ||
| 101 | 0 | _arus | |
| 102 | _aRU | ||
| 105 | _ay j ||||| | ||
| 200 | 1 |
_aИнструктивно-методические указания о подготовке учителей начальных школ к новому учебному году _fНаркомпрос Карел. АССР |
|
| 210 |
_aПетрозаводск _cКаргосиздат _d1939 |
||
| 215 |
_a14 с., без обл. _d21 см. |
||
| 300 | _aВ конце текста: Нач. Упр. нач. школы НКП РСФСР... | ||
| 712 | 0 | 1 |
_aРСФСР _bУправление начальной школы _3RU\NLR\AUTH\8810169953 _9835720 |
| 801 | 0 |
_aRU _bNLR _gpsbo |
|
| 801 | 1 |
_aRU _bELAR _2rusmarc |
|
| 852 |
_aNLR _j39-10/1789 |
||
| 942 | _cBOOK | ||
| 980 | _aNB | ||